| 000 | 01447nam a22003017a 4500 | ||
|---|---|---|---|
| 001 | 8355 | ||
| 003 | FISKH | ||
| 005 | 20250910114440.0 | ||
| 008 | 250910b cb ||||| |||| 00| 0 eng d | ||
| 020 | _a9781618103338 | ||
| 040 |
_aFISKH _beng _cFISKH _dFISKH |
||
| 050 | _aPZ7.K6668 K666 | ||
| 082 | _a823 | ||
| 100 | _aKoontz, Robin | ||
| 245 |
_aRun...It's a bee! / _cWritten and Illustrated by Robin Koontz |
||
| 250 | _aThis edition first published in 2013 | ||
| 260 |
_aShenzhen : _bRourke, _c2013 |
||
| 300 |
_a24 pages : _bcolor illustrations ; _c21 cm |
||
| 505 | _aG | ||
| 520 | _aJuvenile Fiction. Juvenile Literature. HTML:As Victoria and Jasper were enjoying their new sunflower, Jasper gets pollen on his nose. A bee soon arrives which sends the characters running. As they run through a baseball game screaming, Run, it's a Bee, all the players start to follow them, as they run through the school auditorium screaming, Run, it's a Bee, all the actors start following them. When they finally arrive back at their garden the bee lands on Jasper's nose and licks the pollen off. He soon proceeds on his way leaving the characters feeling silly that the bee never wanted to sting them, he just wanted the pollen! | ||
| 521 | 8 |
_a380
_bLexile |
|
| 521 | 8 |
_aG
_bRaz-Plus |
|
| 650 |
_2Picture book _aBee |
||
| 650 |
_2Sunflower _aGarden |
||
| 700 |
_aKoontz, Robin _dillustrator |
||
| 942 |
_2ddc _cBK _n0 |
||
| 999 |
_c8355 _d8355 |
||